[Event "La Fere op 11th"]
[Site "La Fere"]
[Date "2012.07.07"]
[Round "1"]
[White "Van Poucke, Guy"]
[Black "Baillie, Andre"]
[Result "1-0"]
[WhiteElo "1594"]
[BlackElo "1418"]
[PlyCount "39"]
[EventDate "2012.07.07"]
[EventType "swiss"]
[EventRounds "9"]
[EventCountry "FRA"]
[SourceTitle "CBM 149 Extra"]
[Source "ChessBase"]
[SourceDate "2012.08.24"]
[SourceVersion "1"]
[SourceVersionDate "2012.08.24"]
[SourceQuality "1"]

1. e4 c6 2. d4 d5 3. e5 Bf5 4. Nf3 e6 5. Bd3 Bxd3 6. Qxd3 Nd7 7. 0-0 Ne7 8. b3 Ng6 9. c4 dxc4 10. bxc4 Nb6 11. Nc3 Be7 12. c5 Bxc5 13. Ne4 Be7 14. Bg5 Nd5 15. Bxe7 Qxe7 16. Nf6+ Kf8 17. Rab1 Nb6 18. a4 a5 19. Rxb6 Rb8 20. Rfb1 1-0